Klub Klikařů. Bitva v podzemí /
Další kniha série dobrodružných příběhů party kamarádů.
Uloženo v:
| Série: | Klub Klikařů,
část 3 |
|---|---|
| Hlavní autor: | |
| Další autoři: | |
| Médium: | E-kniha |
| Jazyk: | Czech |
| Vydáno: |
V Praze :
Fragment,
2024
|
| Vydání: | 1. vydání |
| Témata: | |
| Příbuzné jednotky: | Z cyklu::
Klub Klikařů |
| Tagy: |
Žádné tagy |
| LEADER | 02552nam a2200493 i 4500 | ||
|---|---|---|---|
| 001 | 312314 | ||
| 003 | CZ PrSKC | ||
| 005 | 20260601215720.0 | ||
| 007 | ta | ||
| 008 | 240313s2024 xr a c 000 j cze | ||
| 015 | |a cnb003595139 | ||
| 020 | |a 9788025366776 |q (vázáno) : |c Kč 299,00 | ||
| 035 | |a (OCoLC)1433647883 | ||
| 040 | |a ABG001 |b cze |d ABA001 |e rda | ||
| 072 | 7 | |a 821.162.3-3 |x Česká próza |2 Konspekt | |
| 072 | 7 | |a 821-93 |x Literatura pro děti a mládež (beletrie) |2 Konspekt | |
| 080 | |a 821.162.3-32 |2 MRF | ||
| 080 | |a 821-93 |2 MRF | ||
| 080 | |a (0:82-321.3) |2 MRF | ||
| 100 | 1 | |a Matějka, Vít Martin, |d 1982- |7 xx0117796 |4 aut | |
| 245 | 1 | 0 | |a Klub Klikařů. |p Bitva v podzemí / |c Vít Martin Matějka ; ilustroval Jaroslav Kratochvíl |
| 246 | 3 | 0 | |a Bitva v podzemí |
| 250 | |a 1. vydání | ||
| 264 | 1 | |a V Praze : |b Fragment, |c 2024 | |
| 300 | |a 154 stran : |b ilustrace ; |c 21 cm | ||
| 336 | |a text |b txt |2 rdacontent | ||
| 337 | |a bez média |b n |2 rdamedia | ||
| 338 | |a svazek |b nc |2 rdacarrier | ||
| 520 | 2 | |a Další kniha série dobrodružných příběhů party kamarádů. |b Klub Klikařů může být spokojený. Dokázal zvítězit v Boji o Krkavec i porazit zákeřného podnikatele Nowotného v jeho snaze ovládnout Plzeň pomocí mobilní hry. Vše se zdá být zalité sluncem, ale nic nemůže být pravdě vzdálenější. Když Šárka náhodou natrefí na pana Nowotného a zjistí, kdo je jeho nová pravá ruka, musí povolat Lukáše i Jirku do zbraně. Nakladatelská anotace. Kráceno. | |
| 521 | 8 | |a Pro čtenáře od 9 let | |
| 655 | 7 | |a české příběhy |7 fd133973 |2 czenas | |
| 655 | 7 | |a dobrodružné příběhy |7 fd132060 |2 czenas | |
| 655 | 7 | |a publikace pro děti |7 fd133156 |2 czenas | |
| 655 | 9 | |a Czech stories |2 eczenas | |
| 655 | 9 | |a adventure stories |2 eczenas | |
| 655 | 9 | |a children's literature |2 eczenas | |
| 700 | 1 | |a Kratochvíl, Jaroslav, |d 1993- |7 xx0313636 |4 ill | |
| 787 | 0 | 8 | |i Z cyklu: |t Klub Klikařů |g 3 |w (CZ-CtDS)e9eaaceb-7381-5942-8d16-f2ecd30101ba |
| 900 | |a ABA001 |b 20 | ||
| 928 | 9 | |a Albatros Media - Fragment | |
| 044 | |a xr | ||
| 910 | |a RBIT002 | ||
| 998 | |d 399877 |a https://core.palmknihy.cz/api/books/399877/cover?s9wbe1 |b https://core.palmknihy.cz/api/books/399877/cover/400?s9wbe1 |c https://core.palmknihy.cz/api/books/399877/cover/50?s9wbe1 |e 2033-12-31 |g 160 |i 9788025366776 |j https://core.palmknihy.cz/api/books/399877/preview.epub |k https://core.palmknihy.cz/api/books/399877/preview.pdf |l |q 49 |r 1 |s https://www.palmknihy.cz/kniha/399877 |t ebook |y 2024 |z 0 |v Klub Klikařů |w 3 | ||
| 999 | |d 312312 | ||